=LDR 00000nam 2200000 4500 =001 INLIS000000000033645 =005 20130612135604 =008 ***********************************ind** =035 ##$$a0010-061300000033645 =041 ##$$a ind =082 ##$$a 612.304 =090 ##$$a 612.304, Muk,p =100 ##$$a Mukhtadi,Deddy =245 ##$$a Pengantar Ilmu Gizi, Deddy Mukhtadi =260 ##$$a 2009 $b Bandung =300 ##$$a vi,234 hlm., Illus., 24 cm =650 ##$$a Gizi Ilmu =850 ##$$a NBPNMAT =990 ##$$a 93550/BPAP-NTB/2014 =990 ##$$a 0001/BPAP-NTB/20142014 =990 ##$$a 0001/BPAP-NTB/20142014 =990 ##$$a 0001/BPAP-NTB/20142014 =990 ##$$a 0001/BPAP-NTB/20142014